Quizzes
Events
Quiz Creation
Community
Videos
Private Events
Remove Ads
Sign In
Join for FREE
Feedback
Dark Mode
Quiz Categories
Sports
Geography
Music
Movies
Television
Just For Fun
Miscellaneous
History
Literature
Language
Science
Gaming
Entertainment
Religion
Holiday
For Kids
Quiz Lab
Recent
Popular Today
Quiz Kudos Today
Editor Picks
Curator Picks
Quizzes by...
Day
Popularity
Type
Ratings
Length
Year
Community
Subscriptions
Recent Discussions
Orange Saloon
Badges
Playlists
Quests
Create
Leaderboards
Showdown
Live 5
Trivia Bingo
Activity
Puzzle Library
Sporcle Events
Private Events
Virtual Trivia
Globe League
Become a Host
Pub Owners
SporcleCon
Opinionation
Our Games
Videos
Blog
Mobile Apps
Partnerships
Remove Ads and Go Orange
Feedback
Gaming
Video Games
Board Games
Card Games
Pokémon
Mario
Nintendo
Minecraft
Console
Toys
Legend of Zelda
Gaming
Video Games
Board Games
Card Games
Pokémon
Mario
Nintendo
Minecraft
Console
Toys
Legend of Zelda
Random Quiz
Search Sporcle
×
Quiz Lab
Quiz Lab
Gaming
Xbox Live
Type in answers that appear in a list
Type in answers that appear in a list
Classic
Best Score? Go Orange.
Top 25 xbox live arcade games (as of sept 2010) Stats
Can you name the top 25 xbox live arcade games (as of sept 2010)?
By
omegaridley
10m
25 Questions
39 Plays
39 Plays
39 Plays
Comments
Comments
Give Quiz Kudos
Give Quiz Kudos
-
- Ratings
hide this ad
More Info
Replay
Link that replays current quiz
Next Quiz
Link to next quiz in quiz playlist
You Got
0%
They Got
Avg Score
21%
Avg Friend Score
Upgrade to see
Score Distribution
Jump to the score distribution portion of the page
Score
0/25
Timer
10:00
0
Plays Today
rank
game
% Correct
5
castle crashers
64.1%
16
trials HD
46.2%
3
limbo
43.6%
9
geometry wars: retro evolved
38.5%
2
pac-man: championship edition
38.5%
8
braid
35.9%
7
portal: still alive
33.3%
1
shadow complex
30.8%
19
geometry wars: retro evolved 2
25.6%
10
peggle
23.1%
22
perfect dark
20.5%
17
battlefield 1943
20.5%
12
marvel vs capcom 2
15.4%
rank
game
% Correct
25
scott pilgrim vs the world
12.8%
24
N+
12.8%
13
rez HD
12.8%
6
puzzle quest
12.8%
20
the secret of monkey island
10.3%
18
ikaruga
10.3%
14
lara croft and the guardian of light
10.3%
4
bionic commando rearmed
10.3%
23
a kingdom for keflings
7.7%
21
Darwinia+
5.1%
15
puzzle quest 2
5.1%
11
'sploshion man
2.6%
Quiz Playlist
Details
Report
Send in Message
Add To Playlist
More Info:
top 25 xbla games according to ign
Classic:
Type in answers that appear in a list
Last Updated: Feb 16, 2017
Quiz Scoreboard
CHALLENGE
Sign Up to Join the Scoreboard
Show All
Scores
Hide
Comments
May contain spoilers
Recently Published
Click the 1999 NBA Draft
by nibperrychub
Sports
2m
Alphabetical 'K' Countries by Flag Minefield
by ylime102
Geography
3m
Pick 6: Fruits
by JohnFran
Miscellaneous
15s
More to Explore
Quiz From the Vault
Featured Blog Post
15 Basketball Trivia Facts You Can Be March Mad About
hide this ad
You Might Also Like...
Tags
XBLA
Xbox
Xbox 360
Xbox Live
Today's Top Quizzes in Gaming
Browse Gaming
hide this ad
Top Contributed Quizzes in Gaming
1
Pokémon Gen IV Logic Puzzle (HARD)
2
HARD Pokemon Logic Puzzle
3
Honkai: Star Rail Technique Names Quiz
4
Order Genshin Impact characters by release date!
5
Kingdom Hearts Logic Puzzle
6
Genshin Impact Logic Puzzle Quiz
7
Danganronpa 1 Logic Puzzle
8
Pokémon Logic Puzzle (DIFFICULT)
9
Danganronpa Sorting Blitz
10
Stardew Valley Logic Puzzle
Explore More
Trending Topics
NBA
Marvel
Disney
Anime
Crossword
Harry Potter
Kpop
The Office
Country
Soccer
WWE
Puzzle
Pokémon
NFL
Song
hide this ad
More By:
omegaridley
Quiz
Plays
Rating
Category
Featured
Created
pokemon alphabetical (gen 1-5)
319
3.00
Gaming
Mar 21, 2011
pokemon mystery dungeon bosses
217
5.00
Gaming
Mar 17, 2011
pokemon rumble bosses
88
3.25
Gaming
Mar 17, 2011
top 25 xbox live arcade games (as of sept 2010)
39
Gaming
Mar 18, 2011
top 15 wii ware games (as of 2009)
9
3.00
Gaming
Mar 18, 2011
Go to Creator's Profile
Score Distribution
Quiz Creator Spotlight
omegaridley
Follow
Send a Message
Quizzes Created
-
Created Quiz Play Count
-
More By This Creator
Popular Quizzes Today
1
Find the US States - No Outlines Minefield
2
Countries of Asia Without Outlines Minefield
3
Pick 6: Fruits
4
The Countries of the World
5
Alphabetical 'K' Countries by Flag Minefield
6
Find the US States
7
Match the Book to the Film X
8
Click the 1999 NBA Draft
More Gaming Quizzes
Chrono Trigger by Numbers
Published
Trending Quizzes
Pick 6: Harry Potter
Pick 6: Mountains
Pick 6: NFL Teams
Pick 6: Movie Franchises
Pick 6: Golfers
Recently Updated
Women's Final Four Teams by Year
bhenderson79
Presidents Quartet II
eogle
Anything But Clue(do)
eogle
Anything But Oceanian Capitals
eogle
Anything But 7
eogle
Anything But Thing
eogle
Word Ladder: February 29
pecheneg
Song Title Questions
pecheneg
Women's NCAA Tournament #1 Seeds
pecheneg
Celebrity Mug Shots
pecheneg
Trending Topics
NBA
Crossword
Disney
Kpop
Anime
Harry Potter
Marvel
Puzzle
Soccer
Country
Pokémon
The Office
NFL
Song
WWE
Your Account Isn't Verified!
In order to create a playlist on Sporcle, you need to verify the email address you used during registration. Go to your
Sporcle Settings
to finish the process.
Report this User
Report this user for behavior that violates our
Community Guidelines
.
Details:
Send Report
Go to the Sporcle.com Mobile Site →
Comments